header

Mediating Chicana/o culture (Record no. 58734)

MARC details
000 -LEADER
fixed length control field 01304nam a2200325Ia 4500
082 04 - DEWEY DECIMAL CLASSIFICATION NUMBER
Classification number 305.8968/7207
245 00 - TITLE STATEMENT
Title Mediating Chicana/o culture
260 ## - PUBLICATION, DISTRIBUTION, ETC. (IMPRINT)
Place of publication Newcastle, U.K. :
Name of publisher Cambridge Scholars Press,
Year of publication 2006.
300 ## - PHYSICAL DESCRIPTION
Number of Pages xxvi, 189 p. :
Other physical details ill.
650 #0 - SUBJECT ADDED ENTRY--TOPICAL TERM
Topical Term Mexican Americans
Topical Term Mexican Americans
Topical Term Mexican Americans in popular culture.
700 1# - ADDED ENTRY--PERSONAL NAME
Personal name Baugh, Scott L.
856 40 - ELECTRONIC LOCATION AND ACCESS
Uniform Resource Identifier http://site.ebrary.com/lib/rucke/Doc?id=10676967

No items available.

© 2026 Rongo University
Contact us: librarian | system librarian | Rongo university